| 000 | 00837nam a22002297a 4500 | ||
|---|---|---|---|
| 001 | 0000002008 | ||
| 003 | PPM | ||
| 005 | 20260428122443.0 | ||
| 008 | 260428b ||||| |||| 00| 0 eng d | ||
| 020 |
_a0442213107 _cRM 145.76 _qHardback |
||
| 035 | _a0000002008 | ||
| 040 |
_bEng _cPusat Penyelidikan Mineral, Jabatan Mineral Dan Geosains Malaysia _dPPM _eRDA |
||
| 082 | 0 | 0 |
_220 _a651.3 _bBAL 1985 |
| 100 | 1 |
_aBalderston, Jack _eauthor |
|
| 245 | 1 | 0 |
_aImproving Office Operations : A Primer For Professional / _cby Jack Balderston |
| 260 | 1 |
_a New York : _bVan Nostrand Reinhold, _c1985 |
|
| 300 | 0 | 0 |
_axiv, 279 pages .: _billustrations .; _c223 cm |
| 440 | 0 | _aVan Nostrand Reinhold series in managerial skills in engineering and science | |
| 504 | _aIncludes indexs (p.: 267 - 279) | ||
| 650 | 1 | 0 | _aOffice management |
| 942 |
_2ddc _cBK |
||
| 999 |
_c27237 _d27237 |
||